[Event "Scarborough CC Frost U1700"]
[Site "Toronto"]
[Date "2010.01.07"]
[Round "1"]
[White "Karpik, Steve"]
[Black "Liu, Jiaxin"]
[Result "1/2-1/2"]
[WhiteElo "1510"]
[BlackElo "1238"]
[PlyCount "113"]
[EventDate "2010.01.07"]
[EventType "swiss"]
[EventRounds "6"]
[EventCountry "CAN"]
[SourceTitle "EXT 2011"]
[Source "ChessBase"]
[SourceDate "2010.11.26"]
[SourceVersion "1"]
[SourceVersionDate "2010.11.26"]
[SourceQuality "1"]

1. Nf3 Nf6 2. c4 Nc6 3. g3 d6 4. Bg2 Bd7 5. 0-0 e6 6. Nc3 Be7 7. a3 a5 8. d4 0-0 9. e4 h6 10. d5 Na7 11. Nd4 c5 12. Nf3 Rb8 13. b4 b6 14. b5 Re8 15. Nh4 Bf8 16. f4 exd5 17. exd5 Bg4 18. Qd3 Qc7 19. Bd2 Re7 20. Rae1 Rbe8 21. Rxe7 Rxe7 22. h3 Bd7 23. Re1 Rxe1+ 24. Bxe1 Be7 25. Qe3 Qd8 26. Ne4 Nxe4 27. Qxe4 Nc8 28. Nf5 Bxf5 29. Qxf5 Bf6 30. Qe4 Bd4+ 31. Bf2 Bxf2+ 32. Kxf2 Ne7 33. f5 Qd7 34. g4 Kh8 35. Bf1 Ng8 36. Bd3 Nf6 37. Qe3 Qe8 38. Qxe8+ Nxe8 39. a4 Kg8 40. Kf3 Kf8 41. Kf4 Ke7 42. h4 Nf6 43. Be2 Nh7 44. g5 hxg5+ 45. hxg5 Kd7 46. Bd3 Nf8 47. Kg4 Ke7 48. Kf4 Nd7 49. Bf1 Ne5 50. Be2 Kd7 51. Bf1 Ke7 52. Be2 f6 53. g6 Kd7 54. Bf1 Ke8 55. Be2 Kf8 56. Bf1 Ke8 57. Be2 1/2-1/2

[Event "Scarborough CC Spring op U1700"]
[Site "Toronto"]
[Date "2009.06.11"]
[Round "7"]
[White "Lin, Tony"]
[Black "Karpik, Steve"]
[Result "1-0"]
[WhiteElo "1504"]
[BlackElo "1498"]
[PlyCount "85"]
[EventDate "2009.04.30"]
[EventType "swiss"]
[EventRounds "9"]
[EventCountry "CAN"]
[SourceTitle "EXT 2011"]
[Source "ChessBase"]
[SourceDate "2010.11.26"]
[SourceVersion "1"]
[SourceVersionDate "2010.11.26"]
[SourceQuality "1"]

1. e4 d6 2. d4 Nf6 3. Nc3 g6 4. f4 Bg7 5. Nf3 0-0 6. Be2 Nbd7 7. e5 dxe5 8. fxe5 Ne8 9. Be3 e6 10. Qd2 Nb6 11. Bh6 c6 12. Bxg7 Kxg7 13. 0-0-0 Nd5 14. Nxd5 cxd5 15. g4 f5 16. g5 a5 17. Kb1 a4 18. a3 Qa5 19. Qxa5 Rxa5 20. h4 Bd7 21. h5 Bb5 22. Bxb5 Rxb5 23. Rd2 Rb6 24. Rdh2 Kf7 25. hxg6+ hxg6 26. Ne1 Ng7 27. Nd3 Rc6 28. Nc5 b5 29. c3 Rc7 30. Rh6 Re8 31. Nd3 Rg8 32. Nf4 Ne8 33. Rh7+ Rg7 34. Rxg7+ Nxg7 35. Rh6 b4 36. axb4 Ra7 37. Ka2 Rc7 38. Nxg6 Nh5 39. Nh8+ Kg8 40. Rxh5 Rh7 41. Rxh7 Kxh7 42. Kb1 Kxh8 43. b5 1-0

[Event "Scarborough CC Spring op U1700"]
[Site "Toronto"]
[Date "2009.05.21"]
[Round "4"]
[White "Dattani, Dinesh"]
[Black "Karpik, Steve"]
[Result "0-1"]
[WhiteElo "1423"]
[BlackElo "1509"]
[PlyCount "75"]
[EventDate "2009.04.30"]
[EventType "swiss"]
[EventRounds "9"]
[EventCountry "CAN"]
[SourceTitle "EXT 2011"]
[Source "ChessBase"]
[SourceDate "2010.11.26"]
[SourceVersion "1"]
[SourceVersionDate "2010.11.26"]
[SourceQuality "1"]

1. d4 Nf6 2. c4 d6 3. Nc3 g6 4. e4 Bg7 5. Nf3 0-0 6. Be2 Nbd7 7. 0-0 c5 8. Bg5 cxd4 9. Nxd4 a6 10. Re1 Re8 11. Nf3 Nc5 12. Qc2 Bd7 13. Rad1 Bc6 14. e5 Nfe4 15. exd6 Nxd6 16. b4 Nce4 17. Nxe4 Bxe4 18. Qb3 Qc7 19. Bf4 e5 20. Bg3 Nf5 21. Ng5 Nxg3 22. hxg3 Bf5 23. c5 h6 24. Nxf7 Qxf7 25. Bc4 Be6 26. Bxe6 Qxe6 27. Qxe6+ Rxe6 28. Rd6 Rae8 29. Rd7 R8e7 30. Red1 Kf7 31. Kf1 e4 32. a4 Bc3 33. b5 axb5 34. axb5 Bb4 35. R1d5 Rxd7 36. Rxd7+ Re7 37. c6 Rxd7 38. cxd7 0-1

[Event "Scarborough CC Spring op U1700"]
[Site "Toronto"]
[Date "2009.05.14"]
[Round "3"]
[White "Karpik, Steve"]
[Black "Wang, Jason"]
[Result "1-0"]
[WhiteElo "1509"]
[BlackElo "973"]
[PlyCount "31"]
[EventDate "2009.04.30"]
[EventType "swiss"]
[EventRounds "9"]
[EventCountry "CAN"]
[SourceTitle "EXT 2011"]
[Source "ChessBase"]
[SourceDate "2010.11.26"]
[SourceVersion "1"]
[SourceVersionDate "2010.11.26"]
[SourceQuality "1"]

1. Nf3 Nc6 2. c4 e5 3. Nc3 Nf6 4. d3 h6 5. g3 d6 6. Bg2 Be6 7. Qa4 Qd7 8. a3 0-0-0 9. b4 a6 10. b5 axb5 11. Nxb5 Qe8 12. Na7+ Nxa7 13. Qxa7 d5 14. Rb1 b6 15. Nxe5 Bd6 16. Qa8# 1-0